| 000 | 00676nam a22002057a 4500 | ||
|---|---|---|---|
| 005 | 20241025172538.0 | ||
| 010 | _aENG-125706 ENG-142439 | ||
| 020 |
_a9789381345412 _c595.00 |
||
| 035 | _aEN-109238 | ||
| 035 | _aEN-125971 | ||
| 037 | _bDBAD/PUB | ||
| 082 | _a320.092 | ||
| 100 |
_aShepherd, Kancha Ilaiah _973527 |
||
| 245 |
_aFrom a Shepherd Boy to an Intellectual: _bMy Memoirs/ _cby Kancha Ilaiah Shepherd |
||
| 260 |
_aNew Delhi _bSage Publications _c2018 |
||
| 270 |
_aB1/1-1, Mohan Cooperative Industrial Area _bMathura Road,New Delhi _e110044 |
||
| 300 |
_axvii,359p. _c22cm(pbk) |
||
| 500 | _aIncludes index | ||
| 942 |
_2ddc _cEN _h320.092 _mSHE |
||
| 999 |
_c165545 _d165545 |
||